Modelovanie vákuových riadených prvkov, implementácia modelov do PSpice a ich simulácia pomocou signálových procesorov TMS 320 = Vacuum Tube Model Implementation to PSpice Spftware and DSP Simulation with TMS320 Processors
Na minha lista:
| Autor principal: | |
|---|---|
| Outros Autores: | |
| Formato: | Manuscrito Livro |
| Idioma: | eslovaco |
| Publicado em: |
Bratislava :
STU v Bratislave FEI,
2007
|
| Assuntos: | |
| Tags: |
Sem tags, seja o primeiro a adicionar uma tag!
|
MARC
| LEADER | 00000ntm a22000003a 4500 | ||
|---|---|---|---|
| 001 | stu145386 | ||
| 005 | 20160526113639.3 | ||
| 008 | 070914s2007------------------------slo-d | ||
| 040 | |a STU |b slo | ||
| 041 | 0 | |a slo | |
| 100 | 1 | |a Solár, Peter |4 aut |u E |T FEI Fakulta elektrotechniky a informatiky |U E |Y 30 | |
| 245 | 1 | |a Modelovanie vákuových riadených prvkov, implementácia modelov do PSpice a ich simulácia pomocou signálových procesorov TMS 320 = Vacuum Tube Model Implementation to PSpice Spftware and DSP Simulation with TMS320 Processors | |
| 260 | |a Bratislava : |b STU v Bratislave FEI, |c 2007 | ||
| 300 | |a 64 s | ||
| 650 | 7 | |a Rádioelektronika |2 stusub | |
| 650 | 7 | |a modelovanie a simulácia |2 stusub | |
| 650 | 7 | |a elektronické prvky |2 stusub | |
| 650 | 7 | |a TMS 320 |2 stusub | |
| 650 | 7 | |a implementácia |2 stusub | |
| 700 | 1 | |a Podhoranský, Peter |4 ths |u E030 |U FEI Fakulta elektrotechniky a informatiky |T FEI Ústav elektroniky a fotoniky |X 1906 |U E030 |Y 549 |7 A000001906 | |